Foucault (Registro nro. 13438)

Detalles MARC
001 - NÚMERO DE CONTROL
campo de control 50834
005 - FECHA Y HORA DE LA ÚLTIMA TRANSACCIÓN
campo de control 20260428111146.0
008 - DATOS DE LONGITUD FIJA--INFORMACIÓN GENERAL
campo de control de longitud fija 960313s1987 spa
020 ## - NÚMERO INTERNACIONAL ESTÁNDAR DEL LIBRO
Número Internacional Estándar del Libro 8475094244
035 ## - NÚMERO DE CONTROL DEL SISTEMA
Número de control de sistema 50834
035 ## - NÚMERO DE CONTROL DEL SISTEMA
Número de control de sistema (OCoLC)318260869
040 ## - FUENTE DE LA CATALOGACIÓN
Centro/agencia transcriptor comduadb
041 ## - CÓDIGO DE LENGUA
Código de lengua del texto/banda sonora o título independiente spa
082 #4 - NÚMERO DE LA CLASIFICACIÓN DECIMAL DEWEY
Número de clasificación 194
100 10 - ENTRADA PRINCIPAL--NOMBRE DE PERSONA
Nombre de persona Deleuze, Gilles,
Fechas asociadas al nombre 1925-1995
Código de función aut
Número de control del registro de autoridad o número normalizado (isni)0000 0001 2277 323X
-- (viaf)22140703
Término indicativo de función/relación Autor/a
9 (RLIN) 504264
245 10 - MENCIÓN DE TÍTULO
Título Foucault
250 ## - MENCIÓN DE EDICIÓN
Mención de edición 1. ed.
260 ## - PUBLICACIÓN, DISTRIBUCIÓN, ETC.
Lugar de publicación, distribución, etc. Barcelona :
Nombre del editor, distribuidor, etc. Ediciones Paidós,
Fecha de publicación, distribución, etc. 1987.
300 ## - DESCRIPCIÓN FÍSICA
Extensión 170 páginas
490 0# - MENCIÓN DE SERIE
Mención de serie Paidós Studio ;
Designación de volumen o secuencia 63
500 ## - NOTA GENERAL
Nota general Isbn : 84-7509-424-4 (rustica) : $2370.
600 14 - PUNTO DE ACCESO ADICIONAL DE MATERIA--NOMBRE DE PERSONA
Nombre de persona Foucault, Michel,
Fechas asociadas al nombre 1926-1984
Subdivisión general Crítica e interpretación
9 (RLIN) 860867
650 #7 - PUNTO DE ACCESO ADICIONAL DE MATERIA--TÉRMINO DE MATERIA
Término de materia o nombre geográfico como elemento de entrada Filosofía francesa
Fuente del encabezamiento o término lemb
9 (RLIN) 551
650 #7 - PUNTO DE ACCESO ADICIONAL DE MATERIA--TÉRMINO DE MATERIA
Término de materia o nombre geográfico como elemento de entrada Filósofos franceses
Fuente del encabezamiento o término lemb
9 (RLIN) 34143
700 10 - ENTRADA AGREGADA--NOMBRE PERSONAL
Nombre de persona Hand, Seán
Código de función trl
Término indicativo de función/relación Traductor/a
9 (RLIN) 470148
942 ## - ELEMENTOS DE ENTRADA AGREGADA (KOHA)
Tipo de ítem Koha Libros
Existencias
Estado de retiro Estado de pérdida Estado dañado No para préstamo Código de colección Localización permanente Ubicación/localización actual Fecha de adquisición Fuente de adquisición Número de inventario Total de préstamos Renovaciones totales Signatura topográfica completa Código de barras Fecha visto por última vez Fecha del último préstamo Número de copia Precio válido a partir de Tipo de ítem Koha
        Colección General Piso 2 Biblioteca Carlos Gaviria Díaz, Campus Medellín Biblioteca Carlos Gaviria Díaz, Campus Medellín 22/07/1996 Material pagado con consignación C84170 4 4 194 D348f 0548719 18/12/2025 16/09/2025 1 20/04/2023 Libros